| 000 | 01609nam a2200505 i 4500 | ||
|---|---|---|---|
| 001 | 30739 | ||
| 003 | KOSZ 005 | ||
| 005 | 20201105124259.0 | ||
| 008 | 990518s1994 pl a f |000 0 pol | ||
| 015 | _aUWD 1999/7129 | ||
| 020 | _a8386328231 | ||
| 035 | _a991010296299705066 | ||
| 035 | _a(PL-WaBN)b12810411-48omnis_nlop | ||
| 035 | _ab12810411 | ||
| 035 | _a(OCoLC)750007419 | ||
| 035 | _a(PL)b0000001281041 | ||
| 035 | _a(EXLNZ-48OMNIS_NETWORK)9910447112905606 | ||
| 040 |
_aWA N _cWA N _dKOSZ 005/EG |
||
| 041 | 1 |
_apol _heng |
|
| 046 | _k1994 | ||
| 080 | _a75.02 | ||
| 080 | _a(02) | ||
| 100 | 1 |
_aWoods, Gerald _eAutor |
|
| 245 | 1 | 0 |
_aJak malować akwarelami / _cGerald Woods ; [tł. Piotr Budny]. |
| 246 | 1 |
_iTyt. oryg.: _aWatercolour painting, _f1993 |
|
| 260 |
_aKraków : _bWydaw. Ryszard Kluszczyński, _ccop. 1994. |
||
| 300 |
_a144 s. : _bfot. kolor. ; _c26 cm. |
||
| 336 |
_aTekst _btxt _2rdacontent |
||
| 337 |
_aBez urządzenia pośredniczącego _bn _2rdamedia |
||
| 338 |
_aWolumin _bnc _2rdacarrier |
||
| 380 | _aKsiążki | ||
| 388 | _a1901-2000 | ||
| 388 | _a1989-2000 | ||
| 490 | 1 | _aSzkoła Praktyczna | |
| 500 | _aNa okł. podtyt.: materiały, narzędzia, techniki, recenzje. | ||
| 650 | 7 | _aAkwarela | |
| 650 | 7 | _aTechnika | |
| 655 | 7 |
_aPoradniki _2DBN |
|
| 658 | _aKultura i sztuka | ||
| 700 | 1 |
_aBudny, Piotr _eTłumaczenie |
|
| 830 | 0 | _aSzkoła Praktyczna | |
| 856 |
_uhttp://koha.tu.koszalin.pl/cgi-bin/koha/opac-detail.pl?biblionumber=30739 _yKatalog online BPK |
||
| 942 |
_2UKD _cKS |
||
| 999 |
_c30739 _d30739 |
||